| 000 | 00691cam a22002411a 4500 | ||
|---|---|---|---|
| 001 | sa 65008299 | ||
| 003 | DLC | ||
| 005 | 20260227112155.0 | ||
| 008 | 860929s1964 ii ac 000 0 eng | ||
| 010 | _asa 65008299 | ||
| 035 | _a(OCoLC)14279565 | ||
| 040 |
_aDLC _cKyWAT _dDLC |
||
| 042 | _apremarc | ||
| 043 | _aa-ii--- | ||
| 050 | 0 | 0 |
_aBR1155 _b.T49 |
| 100 | 1 |
_aThomas, Paul, _d1910- |
|
| 245 | 1 | 0 |
_aChurches in India / _cby P. Thomas. |
| 260 |
_aDelhi : _bPublications Division, Ministry of Information and Broadcasting, _c1964. |
||
| 300 |
_a56 p. : _bill. (1 col.) ; _c24 cm. |
||
| 504 | _aBibliography: p. 56. | ||
| 651 | 0 |
_aIndia _xChurch history. |
|
| 650 | 0 |
_aChurches _zIndia. |
|
| 999 |
_c65684 _d65684 |
||